[Event "Elit(Skara-Eksjo)"]
[Site "?"]
[Date "2007.03.18"]
[Round "11"]
[White "Eklund, Lars-Goran"]
[Black "Rothen, Hakan"]
[Result "1/2-1/2"]
[WhiteElo "2370"]
[BlackElo "2316"]
[PlyCount "34"]
[EventDate "2007.??.??"]
[SourceDate "2007.03.19"]

1. Nf3 Nf6 2. c4 g6 3. Nc3 Bg7 4. e4 d6 5. d4 O-O 6. Be2 e5 7. dxe5 dxe5 8.
Qxd8 Rxd8 9. Bg5 Re8 10. Nd5 Nxd5 11. cxd5 c6 12. Bc4 cxd5 13. Bxd5 Na6 14. O-O
Nc7 15. Bc4 Bd7 16. Be3 h6 17. Rac1 Bc6 1/2-1/2

[Event "Elit(Skara-Eksjo)"]
[Site "?"]
[Date "2007.03.18"]
[Round "11"]
[White "Thornert, Hakan"]
[Black "Andersson, Goran"]
[Result "1-0"]
[WhiteElo "2242"]
[BlackElo "2206"]
[PlyCount "89"]
[EventDate "2007.??.??"]

1. e4 c5 2. Nc3 Nc6 3. Nf3 Nf6 4. Bb5 e6 5. O-O Qc7 6. Re1 a6 7. Bxc6 Qxc6 8.
d4 cxd4 9. Nxd4 Qc4 10. e5 Nd5 11. Ne4 b5 12. b3 Qb4 13. Bb2 Bb7 14. a4 bxa4
15. Rxa4 Qb6 16. Qf3 Be7 17. Qg3 g6 18. c4 Nb4 19. Nf6+ Bxf6 20. exf6 O-O 21.
Qe3 Kh8 22. Qh6 Rg8 23. Re3 g5 24. Rh3 Be4 25. Re3 Rg6 26. Qh5 Nd3 27. Rxd3
Bxd3 28. Qf3 Rb8 29. Qxd3 e5 30. Nc2 Qxb3 31. Qxb3 Rxb3 32. Rb4 Rd3 33. Ne3 a5
34. Ra4 d6 35. Kf1 Rxf6 36. Ke2 Rb3 37. Ra2 h5 38. c5 Rb5 39. c6 Rc5 40. c7 Re6
41. Nd5 Re8 42. Ba3 Rxd5 43. Rb2 e4 44. Rb8 Rde5 45. Bb2 1-0

[Event "Elit(Skara-Eksjo)"]
[Site "?"]
[Date "2007.03.18"]
[Round "11"]
[White "Mohammadi, Amir"]
[Black "Krantz, Christopher"]
[Result "1-0"]
[WhiteElo "2281"]
[BlackElo "2197"]
[PlyCount "83"]
[EventDate "2007.??.??"]

1. e4 c5 2. Nc3 Nc6 3. g3 g6 4. Bg2 Bg7 5. d3 d6 6. Be3 e6 7. Qd2 Nd4 8. Nd1
Ne7 9. c3 Ndc6 10. Bh6 O-O 11. h4 Bxh6 12. Qxh6 Kh8 13. Nh3 Ng8 14. Qd2 d5 15.
h5 Kg7 16. hxg6 fxg6 17. Nf4 d4 18. f3 e5 19. Nd5 Be6 20. c4 b5 21. cxb5 Nce7
22. Qg5 Bxd5 23. Qxe5+ Nf6 24. g4 Kg8 25. O-O Nd7 26. Qd6 Bf7 27. Nf2 Rc8 28.
g5 Nb6 29. Qh2 Be6 30. Bh3 Bxh3 31. Qxh3 Kh8 32. Ng4 Ng8 33. f4 c4 34. Rf2 c3
35. Ne5 Qd6 36. b3 Rc7 37. Raf1 Rfc8 38. a4 c2 39. Rxc2 Kg7 40. Rh2 Kh8 41. a5
Na8 42. Qxc8 1-0

[Event "Elit(Skara-Eksjo)"]
[Site "?"]
[Date "2007.03.18"]
[Round "11"]
[White "Akvist, Hakan"]
[Black "Friberg, Hans"]
[Result "0-1"]
[WhiteElo "2117"]
[BlackElo "2286"]
[PlyCount "94"]
[EventDate "2007.??.??"]

1. d4 e6 2. c4 d5 3. Nc3 Nf6 4. Nf3 Be7 5. Bf4 O-O 6. e3 c6 7. Qc2 Nbd7 8. Rd1
Re8 9. Bd3 dxc4 10. Bxc4 Nd5 11. O-O Nxf4 12. exf4 Nf6 13. Bd3 Qa5 14. Ne5 g6
15. Rfe1 Bf8 16. Re3 Rd8 17. Bc4 Nd5 18. Nxd5 cxd5 19. Bd3 Bg7 20. h4 Bd7 21.
h5 Rac8 22. Qe2 Be8 23. Qg4 Qb6 24. Rg3 Kf8 25. f5 exf5 26. Bxf5 Bxe5 27. dxe5
Rc4 28. Qg5 gxf5 29. Qg7+ Ke7 30. Qg5+ Kd7 31. Rxd5+ Kc8 32. Qxf5+ Kb8 33. Rgd3
Rxd5 34. Rxd5 Bc6 35. Rd2 Qb4 36. Qd3 Rc1+ 37. Rd1 Rxd1+ 38. Qxd1 a5 39. a3 Qc5
40. Qe2 Qc1+ 41. Kh2 Qg5 42. g3 Qf5 43. f4 a4 44. Qd1 Kc8 45. Qe2 h6 46. Kg1
Qh3 47. Qh2 Qg4 0-1

[Event "Elit(Skara-Eksjo)"]
[Site "?"]
[Date "2007.03.18"]
[Round "11"]
[White "Cederqvist, Niclas"]
[Black "de Verdier, Michael"]
[Result "1/2-1/2"]
[WhiteElo "2134"]
[BlackElo "2224"]
[PlyCount "31"]
[EventDate "2007.??.??"]

1. d4 e6 2. e4 d5 3. exd5 exd5 4. Bd3 Nc6 5. c3 Bd6 6. h3 Nge7 7. Qf3 Be6 8.
Ne2 Qd7 9. Bf4 Ng6 10. Bxd6 Qxd6 11. O-O O-O-O 12. Nd2 Nh4 13. Qg3 Nf5 14. Qxd6
Nxd6 15. Rfe1 Bf5 16. Bxf5+ 1/2-1/2

[Event "Elit(LASK-Manhem)"]
[Site "?"]
[Date "2007.03.18"]
[Round "11"]
[White "Akesson, Joel"]
[Black "Tikkanen, Hans"]
[Result "1/2-1/2"]
[WhiteElo "2375"]
[BlackElo "2430"]
[PlyCount "58"]
[EventDate "2007.??.??"]
[SourceDate "2007.03.19"]

1. d4 g6 2. c4 d6 3. Nf3 Bg7 4. g3 e5 5. Bg2 Nc6 6. e3 Bg4 7. d5 Nce7 8. Nc3
Qd7 9. Qb3 c5 10. h3 Bxf3 11. Bxf3 f5 12. Be2 h5 13. Bd2 Nf6 14. Qb5 Qxb5 15.
Nxb5 Kd7 16. Nc3 g5 17. f4 gxf4 18. gxf4 exf4 19. exf4 Ne4 20. Nxe4 fxe4 21.
O-O-O Bd4 22. Bc3 Nf5 23. Rde1 Ng3 24. Rh2 Raf8 25. Rg2 Nxe2+ 26. Rgxe2 e3 27.
Rf1 Rf5 28. Be1 Rhf8 29. Bg3 Be5 1/2-1/2

[Event "Elit(LASK-Manhem)"]
[Site "?"]
[Date "2007.03.18"]
[Round "11"]
[White "Hall, Jesper"]
[Black "Nithander, Victor"]
[Result "1-0"]
[WhiteElo "2530"]
[BlackElo "2420"]
[PlyCount "63"]
[EventDate "2007.??.??"]

1. e4 g6 2. d4 Bg7 3. Nc3 d6 4. Be3 a6 5. Qd2 Nd7 6. f3 b5 7. a4 b4 8. Nd1 a5
9. Nh3 e5 10. Bb5 Ne7 11. dxe5 dxe5 12. c3 bxc3 13. Nxc3 O-O 14. Rd1 c6 15. Be2
Qc7 16. Nf2 Re8 17. O-O Nf8 18. Bc4 Ne6 19. Ne2 Rd8 20. Qc3 Nd4 21. Nxd4 exd4
22. Rxd4 Rb8 23. b3 Bd7 24. Qc1 c5 25. Rdd1 Nc6 26. Bxc5 Be5 27. Qh6 Nb4 28.
Bd4 Nc2 29. Bxe5 Qxe5 30. Rd5 Qc3 31. Rd3 Qf6 32. Qd2 1-0

[Event "Elit(LASK-Manhem)"]
[Site "?"]
[Date "2007.03.18"]
[Round "11"]
[White "Olausson, Claes-Goran"]
[Black "Niklasson, Christer"]
[Result "1-0"]
[WhiteElo "2389"]
[BlackElo "2414"]
[PlyCount "75"]
[EventDate "2007.??.??"]

1. Nf3 f5 2. c4 Nf6 3. g3 g6 4. Bg2 Bg7 5. O-O O-O 6. Nc3 d6 7. Rb1 e5 8. d3 h6
9. e3 Nc6 10. b4 Ne7 11. c5 Be6 12. cxd6 cxd6 13. Qa4 g5 14. Nd2 d5 15. Nb3 b6
16. f4 gxf4 17. exf4 e4 18. Ne2 exd3 19. Ned4 Bd7 20. Qa6 Ne4 21. Qxd3 a5 22.
bxa5 bxa5 23. Ba3 a4 24. Nc5 Rf7 25. Nce6 Bxe6 26. Nxe6 Qd7 27. Nxg7 Qa7+ 28.
Kh1 Rxg7 29. Bxe7 Rxe7 30. Qxd5+ Kg7 31. Bxe4 fxe4 32. f5 Rf8 33. f6+ Rxf6 34.
Rxf6 Kxf6 35. Qd6+ Kg7 36. Rb6 e3 37. Qg6+ Kh8 38. Qxh6+ 1-0

[Event "Elit(LASK-Manhem)"]
[Site "?"]
[Date "2007.03.18"]
[Round "11"]
[White "Semcesen, Daniel"]
[Black "Schneider, Lars-Ake"]
[Result "1/2-1/2"]
[WhiteElo "2411"]
[BlackElo "2338"]
[PlyCount "89"]
[EventDate "2007.??.??"]

1. d4 Nf6 2. c4 e6 3. Nf3 b6 4. Nc3 Bb7 5. a3 d5 6. cxd5 exd5 7. Bf4 Bd6 8. Bg3
O-O 9. Qc2 a6 10. e3 Qe7 11. Qf5 Qe6 12. Bd3 Qxf5 13. Bxf5 Bxg3 14. hxg3 g6 15.
Bd3 Nbd7 16. b4 c5 17. bxc5 bxc5 18. Rb1 Rab8 19. Ke2 c4 20. Bc2 Bc6 21. Nd2
Rfd8 22. f3 Nf8 23. Rxb8 Rxb8 24. Rb1 Rxb1 25. Ndxb1 Ne6 26. Kd2 Kf8 27. Ne2
Ke7 28. Kc3 a5 29. Nd2 Ng5 30. g4 h6 31. Nf1 Ne8 32. Nfg3 Nd6 33. a4 Kd8 34.
Nh1 Nc8 35. Kd2 Nb6 36. Nc3 Ne6 37. Ng3 Ke7 38. Nge2 Nc7 39. e4 Bd7 40. e5 g5
41. Ng3 Na6 42. Nf5+ Bxf5 43. gxf5 f6 44. e6 h5 45. Ke3 1/2-1/2

[Event "Elit(LASK-Manhem)"]
[Site "?"]
[Date "2007.03.18"]
[Round "11"]
[White "Moberg, Karl Johan"]
[Black "Lund, Esben"]
[Result "0-1"]
[WhiteElo "2338"]
[BlackElo "2353"]
[PlyCount "62"]
[EventDate "2007.??.??"]

1. d4 Nf6 2. c4 e6 3. Nf3 c5 4. d5 b5 5. Bg5 Qa5+ 6. Qd2 Qxd2+ 7. Nbxd2 bxc4 8.
e4 Bb7 9. Bxf6 gxf6 10. Bxc4 Na6 11. O-O-O Nc7 12. Rhe1 O-O-O 13. Nb1 Rg8 14.
g3 f5 15. Ne5 fxe4 16. Nxf7 exd5 17. Nxd8 Bh6+ 18. Kc2 Rxd8 19. Nc3 dxc4 20.
Nxe4 Nb5 21. Nd6+ Nxd6 22. Rxd6 Bf8 23. Rf6 d5 24. Rf7 h6 25. f4 d4 26. g4 Bd6
27. h4 Bc7 28. g5 d3+ 29. Kb1 d2 30. Rd1 Be4+ 31. Ka1 Bc2 0-1

[Event "Elit(LASK-Manhem)"]
[Site "?"]
[Date "2007.03.18"]
[Round "11"]
[White "Smith, Axel"]
[Black "Sagit, Rauan"]
[Result "1/2-1/2"]
[WhiteElo "2343"]
[BlackElo "2299"]
[PlyCount "123"]
[EventDate "2007.??.??"]

1. e4 c5 2. Nf3 d6 3. d4 cxd4 4. Nxd4 Nf6 5. Nc3 a6 6. f3 Bd7 7. Be3 Nc6 8. g4
h6 9. h4 Rc8 10. Qd2 Nxd4 11. Bxd4 e5 12. Be3 Be6 13. O-O-O Qa5 14. Kb1 Rxc3
15. Qxc3 Qxc3 16. bxc3 d5 17. g5 hxg5 18. Bxg5 dxe4 19. Bxf6 gxf6 20. fxe4 Bg4
21. Re1 Bf3 22. Rh3 Bg4 23. Rh1 Bf3 24. Rh3 Bg4 25. Rh2 Bh6 26. Be2 Bf4 27.
Rhh1 f5 28. Bxg4 fxg4 29. h5 Rh6 30. Rd1 g3 31. Rd3 Ke7 32. c4 Kf6 33. Rh3 Kg5
34. Rhxg3+ Bxg3 35. Rxg3+ Kf4 36. Rg7 Kxe4 37. Rxf7 b6 38. Ra7 Kd4 39. Rxa6 e4
40. Ra8 Rxh5 41. Kc1 Rh1+ 42. Kd2 Rh2+ 43. Kd1 Ke3 44. Ra3+ Kf2 45. Kd2 Rh8 46.
Ra7 e3+ 47. Kc3 Rd8 48. Rf7+ Ke1 49. Re7 e2 50. Kb4 Rd2 51. Kb5 Rxc2 52. Kxb6
Rxc4 53. Kb5 Rc3 54. a4 Kd2 55. Rxe2+ Kxe2 56. a5 Kd3 57. a6 Kd4 58. a7 Ra3 59.
Kb6 Kd5 60. Kb7 Kd6 61. a8=Q Rxa8 62. Kxa8 1/2-1/2

[Event "Elit(LASK-Manhem)"]
[Site "?"]
[Date "2007.03.18"]
[Round "11"]
[White "Vas, Peter"]
[Black "Dragicevic, Drazen"]
[Result "1/2-1/2"]
[WhiteElo "2247"]
[BlackElo "2303"]
[PlyCount "106"]
[EventDate "2007.??.??"]
[SourceDate "2007.03.20"]

1. e4 c5 2. Nf3 Nc6 3. d4 cxd4 4. Nxd4 Nf6 5. Nc3 e5 6. Ndb5 d6 7. Bg5 a6 8.
Na3 b5 9. Nd5 Be7 10. Bxf6 Bxf6 11. c3 Ne7 12. Nc2 Nxd5 13. Qxd5 Rb8 14. Nb4
Bb7 15. Qd3 O-O 16. Be2 Qd7 17. Rd1 Bd8 18. O-O Bb6 19. Nd5 Bc5 20. Qg3 Kh8 21.
Bg4 Qd8 22. Kh1 g6 23. f4 f5 24. Bf3 Qe8 25. Rfe1 Bxd5 26. Rxd5 fxe4 27. Rxe4
Qf7 28. Re2 exf4 29. Qe1 Rbe8 30. b4 Rxe2 31. Qxe2 Re8 32. Qf1 Be3 33. Rxd6
Qxa2 34. Rd1 Qc2 35. Qd3 Qxd3 36. Rxd3 Bf2 37. Rd1 Be1 38. Bb7 Bxc3 39. Bxa6
Re5 40. Rc1 Bxb4 41. Rb1 Kg7 42. h3 Be1 43. Bxb5 g5 44. Kg1 Bg3 45. Kf1 Re6 46.
Be2 Kg6 47. Bd3+ Kg7 48. Be2 Re3 49. Rb7+ Kg6 50. Rb6+ Kf5 51. Rb5+ Kf6 52.
Rb6+ Ke5 53. Rb5+ Kf6 1/2-1/2

[Event "Elit(LASK-Manhem)"]
[Site "?"]
[Date "2007.03.18"]
[Round "11"]
[White "Nilsson, Sebastian"]
[Black "Kinnmark, Ove"]
[Result "1/2-1/2"]
[WhiteElo "2289"]
[BlackElo "2264"]
[PlyCount "71"]
[EventDate "2007.??.??"]

1. e4 d5 2. exd5 Qxd5 3. Nc3 Qd8 4. d4 Nf6 5. Nf3 Bg4 6. h3 Bxf3 7. Qxf3 c6 8.
Be3 e6 9. O-O-O Be7 10. Kb1 Nbd7 11. g4 Nb6 12. Rg1 Nbd5 13. Ne2 b5 14. g5 Nd7
15. h4 g6 16. Nf4 N7b6 17. Bd3 Qd6 18. Be4 Nc4 19. Nd3 a5 20. Bf4 Qd7 21. Ne5
Nxe5 22. Bxe5 Rf8 23. Ka1 Bd6 24. Bg7 Rg8 25. Bf6 Be7 26. Be5 Bd6 27. Bxd5 cxd5
28. Bf6 Be7 29. Rg3 Rc8 30. Rd2 b4 31. Qe2 Bxf6 32. gxf6 Qc6 33. Kb1 Kd7 34. c3
Rc7 35. Rc2 Rgc8 36. c4 1/2-1/2

[Event "Elit(Linkoping-Wasa)"]
[Site "?"]
[Date "2007.03.18"]
[Round "11"]
[White "Wedberg, Tom"]
[Black "Malesevic, Nedeljko"]
[Result "1-0"]
[WhiteElo "2568"]
[BlackElo "2342"]
[PlyCount "71"]
[EventDate "2007.??.??"]
[SourceDate "2007.03.20"]

1. e4 c6 2. d4 d5 3. Nd2 dxe4 4. Nxe4 Nf6 5. Nxf6+ exf6 6. c3 Bf5 7. Bc4 Bd6 8.
Ne2 O-O 9. O-O Qc7 10. Ng3 Be6 11. Bxe6 fxe6 12. Qb3 Re8 13. Re1 Bxg3 14. hxg3
Qf7 15. Bf4 Na6 16. Re2 Rad8 17. Rae1 Rd5 18. g4 Qd7 19. Be3 g5 20. f3 Kg7 21.
Bf2 b5 22. a4 Nc7 23. Bg3 Na8 24. a5 Re7 25. Re4 Nc7 26. Bxc7 Qxc7 27. Rxe6
Rxe6 28. Rxe6 Kf7 29. Re2 Qxa5 30. Qc2 f5 31. gxf5 Qc7 32. Qe4 Qd7 33. g4 c5
34. dxc5 Rxc5 35. Qe3 h6 36. Qxc5 1-0

[Event "Elit(Linkoping-Wasa)"]
[Site "?"]
[Date "2007.03.18"]
[Round "11"]
[White "Rosberg, Simon"]
[Black "Lyrberg, Patrik"]
[Result "1-0"]
[WhiteElo "2345"]
[BlackElo "2527"]
[PlyCount "77"]
[EventDate "2007.??.??"]

1. d4 Nf6 2. Nf3 c5 3. d5 b5 4. c4 b4 5. Qc2 g6 6. e4 d6 7. h3 Bg7 8. Bd3 a5 9.
a4 bxa3 10. Rxa3 Na6 11. O-O Nb4 12. Qe2 O-O 13. Nc3 e6 14. dxe6 Bxe6 15. Rd1
Qb6 16. Nb5 Rfe8 17. Qf1 Bd7 18. Nc3 Bc6 19. Re1 a4 20. Bb1 Nd7 21. Bf4 Ne5 22.
Nxe5 dxe5 23. Be3 Rec8 24. Rc1 Be8 25. Bc2 Nxc2 26. Rxc2 Rcb8 27. f3 f5 28. Qd3
f4 29. Bf2 Rc8 30. Nd5 Qd8 31. Qd1 g5 32. Rd2 Rab8 33. Nc3 Qe7 34. Nxa4 h5 35.
Nc3 g4 36. fxg4 Qg5 37. Nd5 Rb7 38. Ra5 Bf8 39. h4 1-0

[Event "Elit(Linkoping-Wasa)"]
[Site "?"]
[Date "2007.03.18"]
[Round "11"]
[White "Hellborg, Teodor"]
[Black "Fransson, Jorgen"]
[Result "1-0"]
[WhiteElo "2389"]
[BlackElo "2126"]
[PlyCount "117"]
[EventDate "2007.??.??"]

1. d4 f5 2. Nc3 Nf6 3. Bg5 d5 4. Bxf6 exf6 5. e3 Be6 6. Bd3 g6 7. h4 h5 8. Nh3
Bf7 9. Nf4 Nc6 10. a3 Ne7 11. Nce2 Nc8 12. c3 Nd6 13. a4 Qe7 14. Qc2 Bh6 15.
Nh3 O-O-O 16. a5 Rhg8 17. O-O-O Kb8 18. a6 b6 19. Kb1 Rc8 20. Nhf4 Ne4 21. Nc1
Bxf4 22. exf4 Nd6 23. Qa4 Qe8 24. Qa3 Qd7 25. Bc2 Rge8 26. Ba4 c6 27. Qb4 Re7
28. Bc2 Rce8 29. Bd3 Ka8 30. Qa4 Rc8 31. Na2 Be8 32. Rhe1 Rc7 33. Nb4 Qc8 34.
Qa2 Kb8 35. Qb3 Qd8 36. Qc2 Rxe1 37. Rxe1 Re7 38. Rc1 Rc7 39. Rd1 Re7 40. Bf1
Qc7 41. b3 Bf7 42. Kb2 Re8 43. g3 Re7 44. Bg2 Ne4 45. Re1 c5 46. Nd3 Re8 47. f3
Nd6 48. Qf2 Rc8 49. Bf1 Be8 50. Re6 c4 51. Nb4 Bf7 52. Re3 cxb3 53. Qe1 Nc4+
54. Bxc4 Qxc4 55. Re7 Rc7 56. Rxf7 Rc8 57. Rb7+ Ka8 58. Re7 Kb8 59. Re8 1-0

[Event "Elit(Linkoping-Wasa)"]
[Site "?"]
[Date "2007.03.18"]
[Round "11"]
[White "Klashed, Martin"]
[Black "Genkin, Michael"]
[Result "0-1"]
[WhiteElo "2160"]
[BlackElo "2350"]
[PlyCount "60"]
[EventDate "2007.??.??"]
[SourceDate "2007.03.20"]

1. e4 c5 2. Nf3 d6 3. d4 cxd4 4. Nxd4 Nf6 5. Nc3 a6 6. Be2 e6 7. O-O Qc7 8. f4
Be7 9. Bf3 Nc6 10. Be3 O-O 11. a4 Re8 12. Kh1 Bd7 13. Nb3 Nb4 14. g4 d5 15. e5
Ne4 16. Bd4 Rac8 17. Qe2 Nc5 18. Bg2 Nxb3 19. cxb3 Bc5 20. Bxc5 Qxc5 21. Rf3
Bc6 22. Rh3 d4 23. Ne4 Qc2 24. Re1 Qxe2 25. Rxe2 Bd5 26. Kg1 Rc1+ 27. Kf2 Rec8
28. Nd6 d3 29. Rd2 R8c2 30. Rxc2 Rxc2+ 0-1

[Event "Elit(Linkoping-Wasa)"]
[Site "?"]
[Date "2007.03.18"]
[Round "11"]
[White "Astrom, Goran"]
[Black "Wickstrom, Lucas"]
[Result "0-1"]
[WhiteElo "2300"]
[BlackElo "2153"]
[PlyCount "80"]
[EventDate "2007.??.??"]

1. e4 c5 2. Nf3 d6 3. d4 Nf6 4. Nc3 cxd4 5. Nxd4 a6 6. f3 e5 7. Nb3 Be6 8. Be3
Be7 9. Qd2 h5 10. O-O-O Nbd7 11. Kb1 b5 12. h3 Nb6 13. Na5 b4 14. Ne2 Nc4 15.
Nxc4 Bxc4 16. Nc1 Bxf1 17. Rhxf1 a5 18. g4 Qc7 19. Rg1 g6 20. Rg2 Rc8 21. Bg5
Nd7 22. Bxe7 Kxe7 23. Qg5+ Kf8 24. f4 hxg4 25. hxg4 Kg7 26. f5 Nf6 27. Qe3 Qc6
28. fxg6 fxg6 29. Re2 Nxg4 30. Qg5 Nf6 31. Rf1 Rcf8 32. Ref2 Rh5 33. Qe3 Qc5
34. Qd3 Rhh8 35. Nb3 Qc7 36. Rg1 Nh5 37. Rfg2 Nf4 38. Qg3 Nxg2 39. Qxg2 Rf6 40.
Nd2 Qf7 0-1

[Event "Elit(Linkoping-Wasa)"]
[Site "?"]
[Date "2007.03.18"]
[Round "11"]
[White "Carlsson, Ingvar"]
[Black "Collett, Peter"]
[Result "1-0"]
[WhiteElo "2073"]
[BlackElo "2219"]
[PlyCount "71"]
[EventDate "2007.??.??"]

1. e4 e5 2. Nf3 Nc6 3. Bc4 Nf6 4. Ng5 d5 5. exd5 Na5 6. Bb5+ c6 7. dxc6 bxc6 8.
Be2 h6 9. Nh3 Bc5 10. d3 O-O 11. O-O Nd5 12. Bg4 f5 13. Be2 Qh4 14. Nd2 Nb7 15.
Nc4 Qf6 16. Kh1 g5 17. c3 Be7 18. d4 e4 19. f4 exf3 20. gxf3 Nd6 21. Rg1 f4 22.
Nf2 Nf5 23. Ng4 Qg7 24. Bd3 Nh4 25. Bd2 Rb8 26. Qe2 Bxg4 27. Rxg4 Ng6 28. Qe4
Nh4 29. Rag1 Nf5 30. Qe6+ Kh8 31. Bxf5 Rf6 32. Qe5 Rbf8 33. Bd3 Bd8 34. Qe4 Bc7
35. Ne5 Re6 36. Ng6+ 1-0

[Event "Elit(Linkoping-Wasa)"]
[Site "?"]
[Date "2007.03.18"]
[Round "11"]
[White "Berkell, Peder"]
[Black "Qwarfort, Fredrik"]
[Result "1-0"]
[WhiteElo "2218"]
[BlackElo "1868"]
[PlyCount "91"]
[EventDate "2007.??.??"]

1. e4 d6 2. g3 b6 3. Bg2 Bb7 4. d3 g6 5. Ne2 Bg7 6. c4 e6 7. Nbc3 Ne7 8. Be3
O-O 9. O-O c5 10. Qd2 Nbc6 11. Bh6 a6 12. Rae1 Qc7 13. h4 Rad8 14. h5 gxh5 15.
Bxg7 Kxg7 16. Nf4 Kh8 17. Nxh5 f5 18. Nf4 Nd4 19. Nce2 Nxe2+ 20. Rxe2 Bc8 21.
exf5 e5 22. Ng6+ Nxg6 23. fxg6 hxg6 24. f4 Kg7 25. Rfe1 Rfe8 26. Qc3 Kf6 27.
fxe5+ dxe5 28. Rf2+ Kg7 29. Bd5 Rd7 30. Ref1 Ree7 31. Rf8 Rxd5 32. cxd5 Bf5 33.
R8xf5 gxf5 34. Rxf5 Qd6 35. Qd2 Kg8 36. Rg5+ Kf8 37. Qh2 Qf6 38. Qf2 Qxf2+ 39.
Kxf2 Kf7 40. Ke3 Kf6 41. Rg8 Rd7 42. Ke4 b5 43. Rc8 c4 44. dxc4 bxc4 45. Rxc4
a5 46. Rc6+ 1-0

[Event "Elit(Linkoping-Wasa)"]
[Site "?"]
[Date "2007.03.18"]
[Round "11"]
[White "Halvarsson, Peter"]
[Black "Soderberg, Per"]
[Result "1/2-1/2"]
[WhiteElo "1918"]
[BlackElo "2210"]
[PlyCount "115"]
[EventDate "2007.??.??"]

1. e4 c5 2. Nc3 Nc6 3. f4 g6 4. Nf3 Bg7 5. Bb5 a6 6. Bxc6 dxc6 7. d3 Nf6 8. O-O
O-O 9. Qe1 a5 10. Bd2 Bg4 11. Rd1 a4 12. Kh1 Nd7 13. Bc1 e5 14. Qg3 f5 15. Rde1
a3 16. Nxe5 Nxe5 17. fxe5 axb2 18. Bxb2 Qc7 19. exf5 Bxf5 20. a3 c4 21. Ne2
cxd3 22. cxd3 Qb6 23. Bc1 Qa6 24. Rf3 Rad8 25. d4 Qc4 26. h3 Qd5 27. Rc3 Rd7
28. Be3 Qa5 29. Rec1 Qa4 30. Qg5 Re8 31. Qf4 Rf7 32. Qg3 Rd7 33. Bg1 Bh6 34.
Rf1 Rf7 35. Rcf3 Ref8 36. Qh4 Bg7 37. Ng3 Be6 38. Rxf7 Rxf7 39. Rxf7 Bxf7 40.
Qe7 Bf8 41. Qxb7 Bd5 42. Qb1 Qxa3 43. Ne4 Be7 44. Kh2 Kg7 45. Bf2 h5 46. Qc2
Qa6 47. Be3 Qf1 48. Nc3 Qc4 49. Qb2 Bf7 50. Ne4 Qd3 51. Bg5 Qxe4 52. Bxe7 Bd5
53. Bf6+ Kh6 54. Qd2+ Kh7 55. Qf2 Kh6 56. h4 Qf5 57. Bg5+ Kg7 58. Qxf5 1/2-1/2

[Event "Elit(Limhamn-Sollentuna)"]
[Site "?"]
[Date "2007.03.18"]
[Round "11"]
[White "Berg, Emanuel"]
[Black "Brynell, Stellan"]
[Result "1-0"]
[WhiteElo "2649"]
[BlackElo "2619"]
[PlyCount "77"]
[EventDate "2007.??.??"]
[SourceDate "2007.03.20"]

1. e4 e6 2. Nc3 d5 3. d4 Nf6 4. Bg5 Be7 5. e5 Nfd7 6. h4 Bxg5 7. hxg5 Qxg5 8.
Qd3 g6 9. Nf3 Qe7 10. O-O-O Nb6 11. Qe3 Bd7 12. Rh6 Nc6 13. Bd3 Nb4 14. Be2 Na4
15. Nxa4 Bxa4 16. b3 Bd7 17. Kb2 O-O-O 18. Rdh1 Rdf8 19. c3 Nc6 20. Ng5 Nd8 21.
Nxh7 Re8 22. g4 b6 23. g5 c5 24. Nf6 Rxh6 25. gxh6 Rh8 26. h7 Qf8 27. Ba6+ Kc7
28. Qf4 Nc6 29. c4 Nb4 30. cxd5 Nxa6 31. d6+ Kc8 32. Qf3 Qd8 33. Qa8+ Nb8 34.
Qxa7 Bc6 35. Rc1 Nd7 36. dxc5 Nxe5 37. cxb6 Nd3+ 38. Kb1 Nxc1 39. d7+ 1-0

[Event "Elit(Limhamn-Sollentuna)"]
[Site "?"]
[Date "2007.03.18"]
[Round "11"]
[White "Popov, Valerij"]
[Black "Ahlander, Bjorn"]
[Result "1-0"]
[WhiteElo "2647"]
[BlackElo "2541"]
[PlyCount "59"]
[EventDate "2007.??.??"]

1. d4 Nf6 2. c4 e6 3. Nf3 d5 4. Nc3 Be7 5. Qc2 O-O 6. Bg5 c6 7. e3 Nbd7 8. Rd1
h6 9. Bf4 Nh5 10. Be5 Nxe5 11. dxe5 g6 12. Be2 Bd7 13. O-O Rc8 14. a3 Qc7 15.
Qd2 Rfd8 16. e4 dxc4 17. g4 Ng7 18. Qxh6 Qb6 19. Rd2 Be8 20. Bxc4 Rxd2 21. Qxd2
Qc5 22. Be2 Rd8 23. Qh6 f6 24. exf6 Bxf6 25. e5 Bxe5 26. Qg5 Bxh2+ 27. Kxh2
Qxg5 28. Nxg5 Rd2 29. Rb1 Kf8 30. Nge4 1-0

[Event "Elit(Limhamn-Sollentuna)"]
[Site "?"]
[Date "2007.03.18"]
[Round "11"]
[White "Lindberg, Bo"]
[Black "Andersson, Christin"]
[Result "1-0"]
[WhiteElo "2514"]
[BlackElo "2291"]
[PlyCount "53"]
[EventDate "2007.??.??"]

1. d4 d5 2. Nf3 Nf6 3. c4 c6 4. cxd5 cxd5 5. Nc3 g6 6. Bf4 Bg7 7. e3 a6 8. h3
O-O 9. Be2 Nc6 10. O-O Bf5 11. Rc1 Ne4 12. Qb3 Nxc3 13. Rxc3 Qd7 14. Rfc1 Rfc8
15. Qb6 f6 16. Bg3 e5 17. Bd1 Be4 18. dxe5 Nxe5 19. Rc7 Qe8 20. Qxb7 Rcb8 21.
Rxg7+ Kf8 22. Qc7 Rc8 23. Bxe5 Rxc7 24. Rcxc7 Qe6 25. Nd4 Qxe5 26. Rcf7+ Ke8
27. Ba4+ 1-0

[Event "Elit(Limhamn-Sollentuna)"]
[Site "?"]
[Date "2007.03.18"]
[Round "11"]
[White "Penalver, Osmani"]
[Black "Ernst, Thomas"]
[Result "0-1"]
[WhiteElo "2250"]
[BlackElo "2524"]
[PlyCount "122"]
[EventDate "2007.??.??"]

1. d4 Nf6 2. c4 g6 3. Nc3 d5 4. Nf3 Bg7 5. Bg5 Ne4 6. cxd5 Nxg5 7. Nxg5 e6 8.
Qd2 exd5 9. Qe3+ Kf8 10. Qf4 Bf6 11. h4 h6 12. Nxd5 Bxg5 13. Qe5 Rh7 14. hxg5
Nc6 15. Qe4 Bf5 16. Qf3 Nxd4 17. Qa3+ Kg7 18. Ne3 Qxg5 19. Qc3 Qf6 20. O-O-O c5
21. Nxf5+ Nxf5 22. Rd7 Rb8 23. e3 Qxc3+ 24. bxc3 Kf6 25. Bc4 b5 26. Bd5 Ne7 27.
Bb7 Rhh8 28. Rhd1 Nc8 29. Rc7 Rf8 30. Rdd7 Nb6 31. Rd6+ Kg7 32. Be4 Kg8 33.
Rxc5 Rfc8 34. Rdc6 Rxc6 35. Rxc6 Rc8 36. Kc2 Rxc6 37. Bxc6 Nc4 38. Bd5 Kf8 39.
Kb3 Nd6 40. Kb4 h5 41. Bf3 Ke7 42. Ka5 h4 43. Bd5 g5 44. Ka6 f5 45. f3 Nc4 46.
a4 bxa4 47. Bxc4 g4 48. fxg4 fxg4 49. Kb5 a3 50. Kb4 h3 51. gxh3 g3 52. Kxa3 g2
53. e4 g1=Q 54. Bb3 Kf6 55. Bd5 Ke5 56. Kb3 Qh1 57. Kb4 Qxh3 58. c4 Kd4 59. Kb5
Qb3+ 60. Kc6 Qb6+ 61. Kd7 a5 0-1

[Event "Elit(Limhamn-Sollentuna)"]
[Site "?"]
[Date "2007.03.18"]
[Round "11"]
[White "Dzevlan, Miralem"]
[Black "Jepson, Christian"]
[Result "1/2-1/2"]
[WhiteElo "2447"]
[BlackElo "2453"]
[PlyCount "95"]
[EventDate "2007.??.??"]

1. d4 e6 2. c4 Nf6 3. Nf3 d5 4. Nc3 Be7 5. Bg5 O-O 6. e3 h6 7. Bh4 b6 8. Bd3
Bb7 9. O-O Nbd7 10. Qe2 Ne4 11. Bg3 c5 12. cxd5 exd5 13. Rad1 Qc8 14. Rc1 Nxg3
15. hxg3 Nf6 16. dxc5 bxc5 17. e4 dxe4 18. Nxe4 Nxe4 19. Bxe4 Re8 20. Bxb7 Qxb7
21. Qc2 Bf6 22. b3 Qa6 23. Rfe1 Rac8 24. a4 Re6 25. Re4 Rxe4 26. Qxe4 g6 27.
Rc4 Qd6 28. Qc2 a5 29. Qd2 Qxd2 30. Nxd2 Bd4 31. Rc2 Rb8 32. Kf1 f5 33. Ke2 Kf7
34. Rc1 Re8+ 35. Kf1 Rb8 36. Rb1 Bc3 37. Nc4 Kf6 38. Ke2 Re8+ 39. Kd3 Bb4 40.
Nb6 Re4 41. Nc4 h5 42. f3 Rd4+ 43. Ke2 Ke6 44. Rh1 Kd5 45. Ne3+ Ke5 46. Nc4+
Kd5 47. Ne3+ Ke5 48. Nc4+ 1/2-1/2

[Event "Elit(Limhamn-Sollentuna)"]
[Site "?"]
[Date "2007.03.18"]
[Round "11"]
[White "Eriksson, Magnus"]
[Black "Couso, Luis"]
[Result "0-1"]
[WhiteElo "2437"]
[BlackElo "2343"]
[PlyCount "88"]
[EventDate "2007.??.??"]

1. d4 d5 2. c4 c6 3. Nf3 Nf6 4. Nc3 a6 5. c5 g6 6. Bf4 Bg7 7. h3 Ne4 8. e3 Nxc3
9. bxc3 Nd7 10. Be2 b6 11. cxb6 Qxb6 12. O-O O-O 13. Qa4 c5 14. Rab1 Qe6 15.
Qa5 h6 16. Qc7 g5 17. Bh2 c4 18. Nd2 Nf6 19. Rb2 Bd7 20. Rb6 Rfc8 21. Rxe6 Rxc7
22. Rxf6 Rb7 23. Rf3 Rb2 24. Rd1 Ba4 25. Ra1 Rxd2 26. Kf1 Rc8 27. g4 Rb2 28.
Bd1 Bxd1 29. Rxd1 Rxa2 30. e4 dxe4 31. Rf5 e3 32. Re1 e6 33. Rf3 Rxf2+ 34. Rxf2
exf2 35. Kxf2 Bf8 36. Kf3 Be7 37. d5 Rd8 38. dxe6 Rd3+ 39. Ke4 Rxc3 40. exf7+
Kxf7 41. Ra1 Rxh3 42. Be5 Ra3 43. Rc1 c3 44. Bxc3 Ra4+ 0-1